[Event "CRO-ch U19"]
[Site "Krapinske Toplice"]
[Date "2015.07.31"]
[Round "9"]
[White "Batinic, Stipan"]
[Black "Raguz, Ivan"]
[Result "1/2-1/2"]
[WhiteElo "1861"]
[BlackElo "1789"]
[PlyCount "27"]
[EventDate "2015.07.25"]
[EventType "swiss"]
[EventRounds "9"]
[EventCountry "CRO"]
[SourceTitle "CBM 167 Extra"]
[Source "ChessBase"]
[SourceDate "2015.09.14"]
[SourceVersion "1"]
[SourceVersionDate "2015.09.14"]
[SourceQuality "1"]

1. d4 d5 2. Bf4 Nf6 3. Nf3 e6 4. e3 c5 5. c4 Nc6 6. Nc3 Be7 7. h4 h5 8. dxc5 Bxc5 9. a4 a6 10. a5 Nb4 11. cxd5 Nbxd5 12. Bg5 Bb4 13. Bxf6 Qxf6 14. Nd4 1/2-1/2

[Event "Sveti Vid CC Klis-ch"]
[Site "Sveti Vid"]
[Date "2014.02.07"]
[Round "9"]
[White "Kacunko, Jozo"]
[Black "Batinic, Stipan"]
[Result "1-0"]
[WhiteElo "1943"]
[BlackElo "1816"]
[PlyCount "95"]
[EventDate "2014.01.18"]
[EventType "tourn"]
[EventRounds "11"]
[EventCountry "CRO"]
[SourceTitle "EXT 2016"]
[Source "ChessBase"]
[SourceDate "2015.10.08"]
[SourceVersion "1"]
[SourceVersionDate "2015.10.08"]
[SourceQuality "1"]

1. e4 c6 2. d4 d5 3. e5 Bf5 4. Nf3 e6 5. Be2 c5 6. Be3 Qb6 7. Nc3 Qxb2 8. Qb1 Qxc2 9. Qxc2 Bxc2 10. Rc1 Bg6 11. Nb5 Kd7 12. dxc5 Nh6 13. Nd6 Bxd6 14. cxd6 Nc6 15. Bb5 Nf5 16. Bd4 Rhc8 17. 0-0 Nfxd4 18. Nxd4 a6 19. Bxc6+ bxc6 20. Rc5 Rab8 21. Rfc1 Rb1 22. Nb3 Rxc1+ 23. Rxc1 Kd8 24. Nc5 Ra8 25. f4 h5 26. g3 Bf5 27. Rc3 Rb8 28. Rb3 Rxb3 29. axb3 Bc2 30. b4 Bf5 31. Nxa6 Bd3 32. Nc5 Bc4 33. Kf2 Bb5 34. Ke3 Kc8 35. Kd4 Kd8 36. Nb3 Kc8 37. Kc5 Kd7 38. Nd4 Ba4 39. h4 g6 40. Nf3 Bb5 41. Ng5 Ke8 42. Kb6 d4 43. Kc7 c5 44. bxc5 d3 45. Ne4 f5 46. exf6 e5 47. c6 d2 48. Nxd2 1-0

[Event "Sveti Vid CC Klis-ch"]
[Site "Sveti Vid"]
[Date "2014.01.19"]
[Round "2"]
[White "Peric, Davor"]
[Black "Batinic, Stipan"]
[Result "1/2-1/2"]
[WhiteElo "1897"]
[BlackElo "1816"]
[PlyCount "105"]
[EventDate "2014.01.18"]
[EventType "tourn"]
[EventRounds "11"]
[EventCountry "CRO"]
[SourceTitle "EXT 2016"]
[Source "ChessBase"]
[SourceDate "2015.10.08"]
[SourceVersion "1"]
[SourceVersionDate "2015.10.08"]
[SourceQuality "1"]

1. d4 c5 2. d5 e5 3. e4 Nf6 4. Nc3 d6 5. h3 g6 6. Nf3 Bg7 7. Be2 0-0 8. 0-0 a6 9. a4 b6 10. Be3 Bd7 11. Qd2 Ne8 12. Bg5 f6 13. Bh6 f5 14. Bxg7 Nxg7 15. Qh6 Qe7 16. Ng5 Ne8 17. f4 exf4 18. Rxf4 Qg7 19. Qxg7+ Nxg7 20. exf5 Rxf5 21. Rxf5 Bxf5 22. Nge4 Nd7 23. Nxd6 Bxc2 24. Rc1 Bb3 25. Rf1 Ra7 26. Nc8 Ra8 27. Ne7+ Kh8 28. Nc6 Nf5 29. Bg4 Rf8 30. Bxf5 gxf5 31. Re1 Kg7 32. Kf2 Rf7 33. d6 Kg6 34. Ne7+ Kg5 35. Ned5 Kg6 36. Re6+ Kg7 37. Re8 b5 38. axb5 axb5 39. Nc7 b4 40. N3d5 Bxd5 41. Nxd5 Nf6 42. Nxf6 Kxf6 43. Rc8 Rd7 44. Rxc5 Rxd6 45. Ke3 Rb6 46. Kd3 Rd6+ 47. Kc2 Re6 48. Kb3 Re2 49. Rc2 Re4 50. Rc4 Re2 51. Rc2 Re4 52. Rc4 Re2 53. Rc2 1/2-1/2

[Event "Sveti Vid CC Klis-ch"]
[Site "Sveti Vid"]
[Date "2014.01.18"]
[Round "1"]
[White "Batinic, Stipan"]
[Black "Zaja, Stjepan"]
[Result "1/2-1/2"]
[WhiteElo "1816"]
[BlackElo "1734"]
[PlyCount "98"]
[EventDate "2014.01.18"]
[EventType "tourn"]
[EventRounds "11"]
[EventCountry "CRO"]
[SourceTitle "EXT 2016"]
[Source "ChessBase"]
[SourceDate "2015.10.08"]
[SourceVersion "1"]
[SourceVersionDate "2015.10.08"]
[SourceQuality "1"]

1. d4 Nf6 2. Nf3 g6 3. Bf4 Bg7 4. e3 d5 5. c4 0-0 6. Be2 b6 7. 0-0 Bb7 8. Nc3 a6 9. Rc1 dxc4 10. Bxc4 Nbd7 11. Ne2 c5 12. Ne5 e6 13. Nxd7 Nxd7 14. Bd6 Re8 15. dxc5 bxc5 16. Qb3 Nb6 17. Rfd1 Qg5 18. Ng3 Nxc4 19. Qxb7 Nxd6 20. Rxd6 Reb8 21. Qc6 Rc8 22. Qb7 Rcb8 23. Qc6 Rc8 24. Qf3 Bxb2 25. Rb1 Qe7 26. Rb6 Be5 27. Rb7 Qf6 28. Qxf6 Bxf6 29. Ne4 Be5 30. f4 Bc7 31. Nxc5 Bxf4 32. exf4 Rxc5 33. Rd7 Ra5 34. Rb2 h5 35. g3 Rc8 36. Rbb7 Rf8 37. Rb2 Kg7 38. Kg2 Kf6 39. Kh3 Ra3 40. Kh4 a5 41. Rc7 a4 42. h3 Re8 43. Rbb7 Rf8 44. Rb2 Kf5 45. Rc5+ Kf6 46. Rc7 Rd3 47. Rb4 a3 48. Ra7 Rfd8 49. Rbb7 Rf8 1/2-1/2

[Event "CRO-chT2S"]
[Site "Makarska"]
[Date "2013.11.09"]
[Round "8.6"]
[White "Batinic, Stipan"]
[Black "Ljubicic, Ante"]
[Result "1-0"]
[WhiteElo "1771"]
[BlackElo "1600"]
[PlyCount "55"]
[EventDate "2013.04.05"]
[EventType "team-tourn"]
[EventRounds "9"]
[EventCountry "CRO"]
[SourceTitle "EXT 2014"]
[Source "ChessBase"]
[SourceDate "2013.11.20"]
[SourceVersion "1"]
[SourceVersionDate "2013.11.20"]
[SourceQuality "1"]
[WhiteTeam "Klis Sveti Vid"]
[BlackTeam "Arzano"]
[WhiteTeamCountry "CRO"]
[BlackTeamCountry "CRO"]

1. d4 d5 2. Bf4 e6 3. Nf3 Nf6 4. e3 Be7 5. c4 Nbd7 6. Nc3 a6 7. Bd3 dxc4 8. Bxc4 b5 9. Bd3 Bb7 10. 0-0 0-0 11. a3 c5 12. dxc5 Bxc5 13. Rc1 Re8 14. Ne5 Bf8 15. Nxd7 Nxd7 16. Be4 Bxe4 17. Nxe4 e5 18. Bg5 Be7 19. Bxe7 Rxe7 20. Qg4 Qb6 21. Rfd1 Nf8 22. Rd6 Rc7 23. Rcd1 Rc6 24. Qf3 Rxd6 25. Nxd6 Rd8 26. Qxf7+ Kh8 27. Qd5 Rd7 28. Nf7+ 1-0

[Event "CRO-chT2S"]
[Site "Makarska"]
[Date "2013.04.05"]
[Round "1.6"]
[White "Batinic, Stipan"]
[Black "Mlinarevic, Ivan"]
[Result "1-0"]
[WhiteElo "1771"]
[BlackElo "1922"]
[PlyCount "81"]
[EventDate "2013.04.05"]
[EventType "team-tourn"]
[EventRounds "9"]
[EventCountry "CRO"]
[SourceTitle "EXT 2014"]
[Source "ChessBase"]
[SourceDate "2013.11.20"]
[SourceVersion "1"]
[SourceVersionDate "2013.11.20"]
[SourceQuality "1"]
[WhiteTeam "Klis Sveti Vid"]
[BlackTeam "Makarska"]
[WhiteTeamCountry "CRO"]
[BlackTeamCountry "CRO"]

1. d4 Nf6 2. Nf3 d5 3. Bf4 g6 4. e3 Bg7 5. h3 Nbd7 6. c4 c6 7. Nc3 0-0 8. Bd3 Qa5 9. 0-0 dxc4 10. Bxc4 Nb6 11. Bd3 Nbd5 12. Nxd5 Nxd5 13. Be5 Nf6 14. Qd2 Qb6 15. b4 a5 16. a3 axb4 17. axb4 Be6 18. Rfc1 Bd5 19. Ra5 Rfe8 20. Rca1 Rad8 21. b5 c5 22. dxc5 Qxc5 23. Rc1 Qb6 24. Bc7 Qe6 25. Nd4 Qd7 26. b6 Ra8 27. Bb5 Bc6 28. Bxc6 bxc6 29. Rxa8 Rxa8 30. b7 Rf8 31. b8Q Rxb8 32. Bxb8 Ne4 33. Qc2 c5 34. Qxe4 cxd4 35. exd4 Bxd4 36. Be5 Bxf2+ 37. Kh1 f6 38. Bb2 Bg3 39. Qc6 Qa7 40. Qc5 Qa2 41. Qxe7 1-0